[Event "Chess.com Rapid Wk1 Swiss"]
[Site "Chess.com INT"]
[Date "2022.02.12"]
[Round "5"]
[White "Erigaisi, Arjun Kumar"]
[Black "So, Wesley"]
[Result "1-0"]
[WhiteElo "2633"]
[BlackElo "2772"]
[PlyCount "81"]
[EventDate "2022.02.12"]
[EventType "swiss (rapid)"]
[EventRounds "9"]
[EventCountry "USA"]
[SourceTitle "CBM 206 Extra"]
[Source "ChessBase"]
[SourceDate "2022.03.31"]
[SourceVersion "1"]
[SourceVersionDate "2022.03.31"]
[SourceQuality "1"]

1. Nf3 d5 2. g3 g6 3. Bg2 Bg7 4. O-O e5 5. d3 Ne7 6. e4 O-O 7. exd5 Nxd5 8. Re1 Nc6 9. Nc3 Nde7 ({RR} 9... Nxc3 10. bxc3 Rb8 11. Bg5 f6 12. Be3 Be6 13. d4 e4 14. Nd2 f5 15. f3 exf3 16. Qxf3 Na5 17. d5 Bf7 18. Bxa7 Ra8 19. Bc5 Re8 20. Qd3 Qd7 21. Bb4 b6 22. d6 Rad8 23. Rxe8+ Qxe8 24. Nf3 {Jumabayev,R (2573)-Ohanyan,E (2514) New York USA 2024 ½-½ (82)}) ({RR} 9... Nxc3 10. bxc3 Rb8 11. Rb1 b6 12. Nd2 Bb7 13. h4 Ne7 14. Bxb7 Rxb7 15. c4 Qd7 16. Qf3 Rbb8 17. Bb2 Nc6 18. h5 Rfe8 19. Ne4 Qf5 20. Qxf5 gxf5 21. Nc3 Nd4 22. Rec1 e4 23. Kg2 c6 24. dxe4 {Caruana,F (2795)-So,W (2773) Saint Louis 2016 0-1 (62)}) 10. Be3 ({RR} 10. Rb1 a5 11. a3 Re8 12. b4 axb4 13. axb4 Nf5 14. Bg5 f6 15. Bd2 Be6 16. b5 Nce7 17. g4 Nd4 18. Nxd4 Qxd4 19. Bxb7 Bxg4 20. Bf3 Bxf3 21. Qxf3 Ra3 22. b6 c6 23. Ne4 Nf5 24. Bb4 Ra2 {Carlsen,M (2832)-Nakamura,H (2786) Chess.com INT 2018 1-0}) 10... Re8 $146 ({RR} 10... h6 11. Bc5 Re8 12. Qd2 Be6 13. Rad1 g5 14. h3 Ng6 15. Be3 Qd7 16. Kh2 Rad8 17. Ne4 b6 18. g4 f5 19. gxf5 Bxf5 20. Ng3 Be6 21. Nh5 Bd5 22. Nxg7 Qxg7 23. d4 Qf8 24. Ng1 Bxg2 25. Kxg2 {Zhukov,M (1990)-Lazavik,D (2439) Chess.com INT 2021 0-1 (34)}) 11. Qd2 Nf5 12. Bc5 Rb8 13. Ne4 b6 14. Ba3 Bb7 15. c3 Qd7 16. Rad1 Rbd8 17. Qc2 h5 18. h4 Nh6 19. b4 Ng4 20. Bc1 a5 21. b5 Ne7 22. a4 Nf5 23. Bg5 f6 24. Bc1 Qf7 25. Nfg5 Qd7 26. Nxf6+ Bxf6 27. Bxb7 Rf8 28. Bc6 Qe7 29. d4 Kh8 30. dxe5 Rxd1 31. Qxd1 Bxe5 32. Qd5 Nxh4 33. f4 Nf5 34. Rxe5 Nxe5 35. Qxe5+ Qxe5 36. fxe5 Nxg3 37. Kg2 Nf5 38. e6 Kg7 39. e7 Nxe7 40. Ne6+ Kf7 41. Nxf8 1-0

[Event "Chess.com Rapid Wk1 Swiss"]
[Site "Chess.com INT"]
[Date "2022.02.12"]
[Round "6"]
[White "Kovalev, Vladislav"]
[Black "Volokitin, Andrei"]
[Result "1-0"]
[WhiteElo "2623"]
[BlackElo "2681"]
[PlyCount "122"]
[EventDate "2022.02.12"]
[EventType "swiss (rapid)"]
[EventRounds "9"]
[EventCountry "USA"]
[SourceTitle "CBM 206 Extra"]
[Source "ChessBase"]
[SourceDate "2022.03.31"]
[SourceVersion "1"]
[SourceVersionDate "2022.03.31"]
[SourceQuality "1"]

1. e4 c5 2. Nf3 e6 3. d3 Nc6 4. g3 g6 5. Bg2 Bg7 6. O-O Nge7 7. Re1 O-O 8. Nbd2 d5 9. e5 Qc7 10. Qe2 b5 11. Nf1 Nd4 12. Nxd4 cxd4 13. h4 Bd7 14. Bf4 Rac8 15. Rac1 Qa5 $146 ({RR} 15... b4 16. Nh2 Qa5 17. Qd2 Nc6 18. Ng4 h5 19. Nf6+ Bxf6 20. exf6 Qd8 21. Bg5 Kh7 22. Bf3 Rh8 23. Kg2 Qc7 24. Qe2 Kg8 25. g4 hxg4 26. Bxg4 e5 27. Rh1 Bxg4 28. Qxg4 Rh5 29. c3 dxc3 30. bxc3 {Prodanov,D-Velikov,P Varna 1970 ½-½ (43)}) 16. a3 b4 17. axb4 Qxb4 18. b3 a5 19. Nh2 a4 20. bxa4 Bxa4 21. Ng4 Qb2 22. Nf6+ Kh8 23. h5 h6 24. hxg6 Nxg6 25. Bd2 Rxc2 26. Rxc2 Qxc2 27. Ng4 Bb5 28. Bf1 Ra8 29. Rc1 Qb2 30. Bxh6 Qxe2 31. Bxg7+ Kxg7 32. Bxe2 Ra3 33. Rd1 Ne7 34. Nf6 Nc6 35. f4 Ra2 36. Bf1 Nb8 37. Rb1 Ra5 38. Rc1 Nd7 39. Ne8+ Kf8 40. Nd6 Ba6 41. Rc7 Ke7 42. Ra7 Ra1 43. Kf2 f6 44. Bh3 fxe5 45. fxe5 Ra2+ 46. Kf3 Bc4 47. dxc4 Rxa7 48. Nc8+ Kf7 49. Nxa7 Nxe5+ 50. Kf4 Nd3+ 51. Kf3 dxc4 52. Nc6 e5 53. Bf5 Kf6 54. Bh7 Nc5 55. Nb4 c3 56. Nd5+ Kg5 57. Nb4 e4+ 58. Ke2 Kg4 59. Bg8 Kxg3 60. Bd5 d3+ 61. Ke3 c2 1-0

[Event "Iberoamerican-ch 8th"]
[Site "Mexico City"]
[Date "2022.02.19"]
[Round "9"]
[White "Cordova, Emilio"]
[Black "Alonso Rosell, Alvar"]
[Result "1-0"]
[WhiteElo "2534"]
[BlackElo "2570"]
[PlyCount "67"]
[EventDate "2022.02.12"]
[EventType "swiss"]
[EventRounds "9"]
[EventCountry "MEX"]
[SourceTitle "CBM 206 Extra"]
[Source "ChessBase"]
[SourceDate "2022.03.31"]
[SourceVersion "1"]
[SourceVersionDate "2022.03.31"]
[SourceQuality "1"]

1. Nf3 e6 2. g3 b5 3. Bg2 Bb7 4. O-O a5 ({RR} 4... c5 5. b3 d6 6. c4 b4 7. Bb2 Nd7 8. d4 Ngf6 9. Nbd2 Be7 10. Re1 O-O 11. e4 cxd4 12. Nxd4 Nc5 13. e5 dxe5 14. Bxb7 Nxb7 15. Nc6 Qc7 16. Nxe7+ Qxe7 17. Bxe5 Rfd8 18. Bxf6 Qxf6 19. Ne4 {Vitiugov,N (2736)-Bukavshin,I (2648) Sochi 2015 ½-½ (37)}) ({RR} 4... Nf6 5. a4 b4 6. b3 a5 7. Bb2 Be7 8. d3 O-O 9. Nbd2 Na6 10. e4 d5 11. Qe2 Nc5 12. Ne5 Ra6 13. f4 Qa8 14. Kh1 dxe4 15. d4 e3 16. Ndf3 Nce4 17. Qxe3 Nc3 18. Rae1 Rd8 19. f5 {Rasti,A (2232)-Bowcott-Terry,F (2199) chess.com INT 2025 0-1 (65)}) 5. Re1 $146 ({RR} 5. d4 c5 6. c3 c4 7. b3 d5 8. bxc4 dxc4 9. Na3 Qb6 10. Rb1 Bxa3 11. Bxa3 Na6 12. Nd2 Bxg2 13. Kxg2 Qc6+ 14. f3 Nf6 15. e4 Nd7 16. Qe2 Nb6 17. d5 Qd7 18. dxe6 fxe6 19. f4 h5 {Kucera,J-Slechta,J (1730) Prague 2010 ½-½ (84)}) 5... Be7 6. e4 d6 7. d4 Nf6 8. Nbd2 Nbd7 9. a4 b4 10. c4 bxc3 11. bxc3 c5 12. Nh4 cxd4 13. e5 Nd5 14. Nf5 dxc3 15. Nxg7+ Kf8 16. Nc4 h5 17. Nxh5 Nxe5 18. Nxe5 dxe5 19. Qg4 Ke8 20. Rxe5 Qc7 21. Ng7+ Kf8 22. Rxe6 Nf6 23. Rxf6 Bxf6 24. Ba3+ Be7 25. Nf5 Bxa3 26. Qg7+ Ke8 27. Qxh8+ Kd7 28. Qd4+ Kc8 29. Bxb7+ Kxb7 30. Rxa3 c2 31. Rb3+ Ka6 32. Qd3+ Ka7 33. Qe3+ Ka6 34. Rc3 1-0

[Event "Titled Tuesday intern op 15th Feb Early"]
[Site "Chess.com INT"]
[Date "2022.02.15"]
[Round "7"]
[White "Narayanan, Sunilduth Lyna"]
[Black "Maze, Sebastien"]
[Result "1-0"]
[WhiteElo "2658"]
[BlackElo "2527"]
[PlyCount "67"]
[EventDate "2022.02.15"]
[EventType "swiss (blitz)"]
[EventRounds "11"]
[EventCountry "USA"]
[SourceTitle "CBM 206 Extra"]
[Source "ChessBase"]
[SourceDate "2022.03.31"]
[SourceVersion "1"]
[SourceVersionDate "2022.03.31"]
[SourceQuality "1"]

1. Nf3 Nf6 2. g3 g6 3. Bg2 Bg7 4. O-O O-O 5. Re1 d5 6. d3 c5 7. Nbd2 Nc6 8. e4 e6 9. c3 b6 10. e5 Nd7 11. d4 Ba6 ({RR} 11... a5 12. Nf1 Ba6 13. Bg5 Qc7 14. Qd2 Rac8 15. Rac1 a4 16. h4 Na5 17. Qf4 Nc4 18. Rc2 a3 19. bxa3 Nxa3 20. Rb2 Nb5 21. Rb3 cxd4 22. cxd4 Nc3 23. Qe3 Ne4 24. N1d2 Nxd2 25. Qxd2 Qc2 26. Qe3 {Amin,B (2662)-Flores,D (2579) Doha 2016 1-0 (38)}) 12. Nb3 ({RR} 12. Nf1 Rc8 13. h4 cxd4 14. cxd4 Nb4 15. Bg5 Qe8 16. Ne3 h6 17. Bf4 Nd3 18. Qd2 Nxe1 19. Rxe1 Kh7 20. Ng4 h5 21. Ne3 Rh8 22. Ng5+ Kg8 23. Rc1 Rxc1+ 24. Qxc1 Qc8 25. Qd2 Nf8 26. Bh3 Nh7 {Geivondian,A (2306)-Rustemov,A (2525) chess.com INT 2023 1-0 (53)}) 12... cxd4 $146 ({RR} 12... Qc7 13. Bf4 Rfc8 14. Qd2 Bc4 15. Nc1 cxd4 16. cxd4 a5 17. Bh6 Nf8 18. Bxg7 Kxg7 19. Ne2 a4 20. Nf4 Qe7 21. Rec1 Nb4 22. a3 Nc6 23. Qe3 b5 24. Nd2 Nd7 25. h4 Nb6 26. Bf3 h6 27. Kg2 {Ciocaltea,V-Janosevic,D Harrachov 1966 ½-½ (59)}) 13. cxd4 Nb4 14. Re3 Rc8 15. Rc3 Bc4 16. h4 a5 17. Bg5 f6 18. exf6 Bxf6 19. a3 Nc6 20. Nbd2 Ba6 21. Rac1 Bb7 22. Qe2 Qe7 23. Bh3 Rfe8 24. Re1 Nf8 25. Re3 Bxg5 26. hxg5 Nd8 27. Nf1 Rc6 28. Ne5 Rc7 29. f4 Nf7 30. Nxf7 Qxf7 31. Nh2 Rc4 32. Ng4 Qg7 33. Nf6+ Kf7 34. Bxe6+ 1-0

[Event "Titled Tuesday intern op 15th Feb Early"]
[Site "Chess.com INT"]
[Date "2022.02.15"]
[Round "8"]
[White "Ponkratov, Pavel"]
[Black "Ter Sahakyan, Samvel"]
[Result "1-0"]
[WhiteElo "2641"]
[BlackElo "2632"]
[PlyCount "85"]
[EventDate "2022.02.15"]
[EventType "swiss (blitz)"]
[EventRounds "11"]
[EventCountry "USA"]
[SourceTitle "CBM 206 Extra"]
[Source "ChessBase"]
[SourceDate "2022.03.31"]
[SourceVersion "1"]
[SourceVersionDate "2022.03.31"]
[SourceQuality "1"]

1. Nf3 d5 2. b3 Bf5 3. Bb2 e6 4. d3 Nf6 5. Nbd2 h6 6. g3 Be7 7. Bg2 c6 8. O-O Nbd7 9. Re1 Bh7 10. e4 O-O ({RR} 10... dxe4 11. dxe4 O-O 12. Qe2 a5 13. a3 Nc5 14. Rad1 Qc7 15. Ne5 Rfd8 16. Kh1 Bf8 17. f4 Nfd7 18. Qh5 Nxe5 19. Bxe5 Qe7 20. Nc4 Rxd1 21. Qxd1 Qe8 22. Bc7 a4 23. Nb6 Ra7 24. b4 Na6 25. Be5 {Fauci,B (1654)-Esteve,F (1946) Montevideo URU 2025 1-0 (44)}) 11. Qe2 a5 12. a3 b5 13. Nd4 $146 ({RR} 13. h4 Qb6 14. e5 Ne8 15. h5 a4 16. b4 c5 17. c3 Rc8 18. Rac1 Nc7 19. Nf1 Na6 20. Ne3 Nab8 21. Ng4 Nc6 22. Qd2 Rfe8 23. Qf4 Bxd3 24. Rcd1 Bf5 25. Ne3 Be4 26. g4 Bxf3 27. Bxf3 Ndxe5 {Assylov,M (2288)-Turzo,A (2278) chess.com INT 2024 0-1 (44)}) 13... Qb6 14. e5 Ne8 15. a4 b4 16. h4 Nc7 17. Qg4 Kh8 18. Rac1 Rab8 19. Qh3 Rbe8 20. g4 f6 21. N2f3 fxe5 22. Rxe5 Bf6 23. Rce1 Nxe5 24. Nxe5 Bxe5 25. Rxe5 c5 26. Nf3 d4 27. Bc1 Qd6 28. Qg3 Nd5 29. g5 hxg5 30. Nxg5 Nf6 31. Nxh7 Nxh7 32. Be4 g6 33. Bf4 Qe7 34. Bxg6 Rg8 35. h5 Ref8 36. Re1 Rf5 37. Be5+ Nf6 38. Qh4 Rg7 39. Kf1 Rxe5 40. Rxe5 Kg8 41. Qf4 Kh8 42. Qf3 Rg8 43. Qh3 1-0

[Event "Titled Tuesday intern op 15th Feb Early"]
[Site "Chess.com INT"]
[Date "2022.02.15"]
[Round "10"]
[White "Narayanan, Sunilduth Lyna"]
[Black "Lodici, Lorenzo"]
[Result "1-0"]
[WhiteElo "2658"]
[BlackElo "2537"]
[PlyCount "147"]
[EventDate "2022.02.15"]
[EventType "swiss (blitz)"]
[EventRounds "11"]
[EventCountry "USA"]
[SourceTitle "CBM 206 Extra"]
[Source "ChessBase"]
[SourceDate "2022.03.31"]
[SourceVersion "1"]
[SourceVersionDate "2022.03.31"]
[SourceQuality "1"]

1. Nf3 d5 2. g3 Bg4 3. Bg2 Nd7 4. h3 Bxf3 5. Bxf3 c6 6. d3 Ngf6 7. e4 dxe4 8. dxe4 e5 9. O-O Bc5 ({RR} 9... Be7 10. Qe2 O-O 11. a4 Nc5 12. Nd2 Qc7 13. h4 Rfd8 14. Kg2 h6 15. Ra2 Rab8 16. a5 b5 17. axb6 axb6 18. b4 Ne6 19. c3 b5 20. Nb3 c5 21. Bd2 cxb4 22. cxb4 Qc4 23. Qxc4 bxc4 24. Na5 {Ding,L (2777)-Malakhov,V (2695) China 2016 ½-½}) 10. a4 a5 11. Nd2 $146 ({RR} 11. Qe2 O-O 12. Nd2 Qe7 13. Nc4 Rfd8 14. Bd2 Bb4 15. c3 Bc5 16. Kg2 Nb6 17. Nxb6 Bxb6 18. Rfd1 Rd7 19. Qc4 Qc5 20. Qxc5 Bxc5 21. Be1 Rad8 22. Rxd7 Rxd7 23. h4 h5 24. Kf1 Kf8 25. Ke2 Ke7 {Vignesh,N (2495)-Becerra,J (2382) chess.com INT 2023 1-0 (45)}) 11... Nf8 12. Nc4 Qc7 13. Be3 Ne6 14. Bxc5 Nxc5 15. Nd6+ Kf8 16. Nc4 Ke7 17. Qc1 Rhe8 18. Qe3 b6 19. Rfd1 Kf8 20. b3 h6 21. h4 Re7 22. Kg2 Rd7 23. Rxd7 Nfxd7 24. Rd1 Nf6 25. g4 Ke7 26. g5 hxg5 27. Qxg5 Kf8 28. Qxe5 Qxe5 29. Nxe5 Ncxe4 30. Nxc6 Rc8 31. Nd4 Nc3 32. Rd3 Nfd5 33. Kg3 Nb4 34. Rd2 Rc5 35. h5 Ke7 36. Kf4 Kf6 37. Bg2 Rxh5 38. Nc6 Rf5+ 39. Kg3 Rg5+ 40. Kh2 Nxc6 41. Rd6+ Ke7 42. Rxc6 Ne2 43. Bf1 Nd4 44. Rxb6 Nxc2 45. Rb7+ Kf6 46. Bc4 Ke5 47. Rxf7 Kd4 48. f4 Rg6 49. Rd7+ Kc3 50. Rd3+ Kb4 51. Rd5 Na3 52. Bd3 Rf6 53. Kg3 Kc3 54. Be4 Kxb3 55. Rxa5 Kb4 56. Ra8 Nc4 57. Bd5 Na5 58. Kg4 Rd6 59. Be4 Nc4 60. Ra7 g6 61. Rg7 Na5 62. Bxg6 Kxa4 63. f5 Nc4 64. Kg5 Ne5 65. Re7 Nc6 66. Be8 Kb4 67. Bxc6 Rxc6 68. f6 Rc1 69. f7 Rg1+ 70. Kf6 Rf1+ 71. Kg7 Rg1+ 72. Kf8 Rf1 73. Ke8 Kc5 74. f8=Q 1-0

[Event "Titled Tuesday intern op 15th Feb Late"]
[Site "Chess.com INT"]
[Date "2022.02.15"]
[Round "6"]
[White "Van Foreest, Jorden"]
[Black "Moskalenko, Alexander"]
[Result "1-0"]
[WhiteElo "2702"]
[BlackElo "2514"]
[PlyCount "111"]
[EventDate "2022.02.15"]
[EventType "swiss (blitz)"]
[EventRounds "11"]
[EventCountry "USA"]
[SourceTitle "CBM 206 Extra"]
[Source "ChessBase"]
[SourceDate "2022.03.31"]
[SourceVersion "1"]
[SourceVersionDate "2022.03.31"]
[SourceQuality "1"]

1. g3 d5 2. Nf3 c6 3. Bg2 Bg4 4. h3 Bh5 5. O-O Nd7 6. d4 e6 7. c4 Ngf6 8. Qb3 ({RR} 8. cxd5 cxd5 9. Qb3 Qb6 10. Nc3 Be7 11. Ne5 Qxb3 12. axb3 a6 13. g4 Bg6 14. g5 Nh5 15. Nxg6 hxg6 16. e4 dxe4 17. d5 exd5 18. Nxd5 Bd6 19. Be3 f5 20. gxf6 Ndxf6 21. Rfd1 O-O-O 22. Ra5 Bc7 {Giri,A (2790)-Eljanov,P (2765) Shamkir 2016 ½-½ (42)}) ({RR} 8. cxd5 exd5 9. Ne5 Ne4 10. Nc3 Nxc3 11. bxc3 f6 12. g4 fxe5 13. gxh5 Bd6 14. Rb1 O-O 15. e4 Nb6 16. a4 dxe4 17. a5 Nd5 18. Rxb7 Qc8 19. a6 Kh8 20. h6 gxh6 21. dxe5 Bxe5 22. Qh5 Qe6 {Wadsworth,M (2450)-Royal,S (2457) Peterborough ENG 2024 ½-½ (114)}) 8... Qb6 9. Nc3 Ke7 $146 ({RR} 9... Be7 10. Nh4 O-O 11. Qxb6 Nxb6 12. g4 Bg6 13. Nxg6 hxg6 14. cxd5 cxd5 15. Bf4 Rac8 16. Rfc1 a6 17. Nd1 Rxc1 18. Rxc1 Rc8 19. Rxc8+ Nxc8 20. f3 Bd6 21. Bd2 Ne7 22. Kf2 Nc6 23. e3 Kf8 24. Ke2 {Grigorjev,I (2402)-Dobrynin,I (1858) Orsha BLR 2023 1-0 (45)}) ({RR} 9... Be7 10. Bf4 O-O 11. c5 Qa6 12. g4 Bg6 13. Nh4 b6 14. cxb6 axb6 15. Nxg6 hxg6 16. a4 Rfc8 17. Rfc1 c5 18. Nb5 c4 19. Qg3 Qa5 20. Rc2 Bf8 21. h4 Qb4 22. Bd2 Qb3 23. Qxb3 cxb3 24. Rxc8 {Salem,A (2690)-Moskalenko,A (2508) Chess.com INT 2022 0-1 (78)}) 10. g4 Bg6 11. Ne5 Qxb3 12. axb3 Nxe5 13. dxe5 Nd7 14. f4 Bc2 15. cxd5 cxd5 16. Nb5 Bxb3 17. Nxa7 Ke8 18. Be3 Bc4 19. Rfc1 Bc5 20. Bxc5 Nxc5 21. Nb5 Ke7 22. Nd4 Kd7 23. Kf2 Nb3 24. Nxb3 Bxb3 25. e3 Rhc8 26. Bf1 Rxa1 27. Bb5+ Kd8 28. Rxa1 Rc2+ 29. Kf3 Bc4 30. Ra8+ Kc7 31. Be8 f6 32. exf6 gxf6 33. Bf7 e5 34. fxe5 fxe5 35. Rh8 e4+ 36. Kg3 Rxb2 37. Rxh7 Kd6 38. g5 Re2 39. g6 Rxe3+ 40. Kh4 Bf1 41. Kg4 Be2+ 42. Kh4 Bf1 43. g7 Rxh3+ 44. Kg4 Rxh7 45. g8=Q Rh1 46. Qd8+ Ke5 47. Qxd5+ Kf6 48. Qe6+ Kg7 49. Qe7 Be2+ 50. Kg3 Rg1+ 51. Kh2 Rf1 52. Bc4+ Kh6 53. Qe6+ Kg5 54. Qe5+ Rf5 55. Qg7+ Kh5 56. Bf7+ 1-0

[Event "Titled Tuesday intern op 15th Feb Late"]
[Site "Chess.com INT"]
[Date "2022.02.15"]
[Round "9"]
[White "Vidit, Santosh Gujrathi"]
[Black "Zhigalko, Sergei"]
[Result "1-0"]
[WhiteElo "2727"]
[BlackElo "2572"]
[PlyCount "81"]
[EventDate "2022.02.15"]
[EventType "swiss (blitz)"]
[EventRounds "11"]
[EventCountry "USA"]
[SourceTitle "CBM 206 Extra"]
[Source "ChessBase"]
[SourceDate "2022.03.31"]
[SourceVersion "1"]
[SourceVersionDate "2022.03.31"]
[SourceQuality "1"]

1. Nf3 d5 2. g3 c6 3. Bg2 Bg4 4. O-O Nd7 5. h3 Bh5 6. d3 e6 7. Qe1 ({RR} 7. Nbd2 Bc5 8. b3 Ne7 9. Bb2 O-O 10. e4 a5 11. a3 f6 12. Qe1 e5 13. d4 exd4 14. Bxd4 Re8 15. Qe3 Nf5 16. Qc3 Nxd4 17. Nxd4 dxe4 18. Nxe4 Bf8 19. Rfe1 Qb6 20. Nf5 Bg6 21. Ned6 Rxe1+ {Maghsoodloo,P (2677)-Romanchuk,V (2266) chess.com INT 2025 1-0}) 7... Bd6 8. e4 Ne7 9. Nh2 $146 ({RR} 9. Nh4 O-O 10. f4 dxe4 11. dxe4 f6 12. Nd2 e5 13. f5 Bf7 14. g4 b5 15. Nhf3 a5 16. Kh2 a4 17. a3 g5 18. h4 h6 19. Rh1 Kg7 20. Nf1 Rh8 21. Ng3 Bc5 22. Bf1 Qb6 23. Kg2 Rad8 {Theodorou,N (2575)-Zhigalko,S (2572) Chess.com INT 2022 1-0 (40)}) ({RR} 9. Nc3 O-O 10. Nh4 Ng6 11. Nxg6 Bxg6 12. f4 Re8 13. Be3 f6 14. Qf2 dxe4 15. dxe4 e5 16. Rad1 Qe7 17. Kh1 Red8 18. Rd2 Bc7 19. Rfd1 Nb6 20. Bc5 Rxd2 21. Rxd2 Qe8 22. b3 Rd8 23. a4 Nc8 {Vidit,S (2726)-Grachev,B (2612) Chess.com INT 2020 0-1 (50)}) 9... O-O 10. f4 dxe4 11. dxe4 f6 12. Nd2 e5 13. Nc4 Bc5+ 14. Kh1 Bf7 15. Qe2 b5 16. Ne3 Re8 17. Nhg4 Qc7 18. Bd2 a5 19. a3 Rad8 20. Rad1 exf4 21. gxf4 f5 22. Nf2 fxe4 23. Nxe4 Bxe3 24. Qxe3 Nf5 25. Qf2 Bd5 26. Rde1 Nf8 27. Bc3 Ng6 28. Kh2 Rf8 29. Bd2 Nfh4 30. Bh1 Bc4 31. Rg1 Bd5 32. Rg4 Nf5 33. Bc1 Nh6 34. Rgg1 Rd7 35. Nc5 Nxf4 36. Qg3 Rdf7 37. Bxd5 cxd5 38. b4 axb4 39. axb4 Qd6 40. Ref1 Kh8 41. Bxf4 1-0

[Event "Airthings Masters Prelim"]
[Site "chess24.com INT"]
[Date "2022.02.19"]
[Round "1"]
[White "Carlsen, Magnus"]
[Black "Artemiev, Vladislav"]
[Result "1-0"]
[WhiteElo "2865"]
[BlackElo "2700"]
[PlyCount "83"]
[EventDate "2022.02.19"]
[EventType "tourn (rapid)"]
[EventRounds "15"]
[EventCountry "GER"]
[EventCategory "19"]
[SourceTitle "CBM 206 Extra"]
[Source "ChessBase"]
[SourceDate "2022.03.31"]
[SourceVersion "1"]
[SourceVersionDate "2022.03.31"]
[SourceQuality "1"]

1. g3 Nf6 2. Bg2 d5 3. Nf3 g6 4. O-O Bg7 5. c4 dxc4 6. Na3 O-O 7. Nxc4 c5 ({RR} 7... c6 8. d3 Nbd7 9. Rb1 Nb6 10. Nxb6 axb6 11. a3 b5 12. Qc2 Re8 13. b4 e5 14. e4 Bg4 15. Bb2 Nd7 16. Nd2 Nf8 17. Nb3 Qc8 18. f4 Bh3 19. Bxh3 Qxh3 20. f5 Nd7 21. Nd2 Re7 22. Rf2 {Deak-Sala,E (2112)-Krkyasharyan,S (1989) Rhodes GRE 2025 ½-½ (36)}) 8. b3 Nc6 9. Bb2 ({RR} 9. Ba3 Ne4 10. Rc1 Nb4 11. Nfe5 Nd6 12. Nxd6 exd6 13. Bxb4 cxb4 14. Nd3 Qa5 15. Rc4 Bf5 16. Nxb4 Be6 17. Nc2 Bxc4 18. bxc4 Qxa2 19. Bd5 Rab8 20. Qb1 Qa5 21. Nb4 Qa4 22. Rc1 Rfc8 23. e3 a5 {Carlsen,M (2865)-Abdusattorov,N (2651) chess24.com INT 2022 ½-½ (45)}) 9... Be6 10. Rc1 $146 ({RR} 10. d4 Bxc4 11. bxc4 Ne8 12. e3 Nd6 13. Qe2 cxd4 14. exd4 e6 15. Rfd1 Rc8 16. Rac1 Re8 17. Ne5 Qc7 18. Nxc6 bxc6 19. Ba3 Red8 20. d5 Qa5 21. Bxd6 Rxd6 22. dxc6 Rcd8 23. Rxd6 Rxd6 24. Rb1 Bd4 {Ding,L (2811)-Shankland,S (2705) Chess.com INT 2019 1-0 (36)}) 10... Rc8 11. d3 b6 12. Qd2 Qd7 13. Rfd1 Rfd8 14. Nfe5 Nxe5 15. Nxe5 Qd6 16. b4 Nd7 17. Nxd7 Bxb2 18. Qxb2 Bxd7 19. bxc5 Rxc5 20. Rxc5 Qxc5 21. Rc1 Qd6 22. h4 Rc8 23. Rxc8+ Bxc8 24. d4 Bd7 25. e4 f6 26. f4 e5 27. fxe5 fxe5 28. d5 a5 29. Kh2 b5 30. Bh3 Bxh3 31. Kxh3 b4 32. Qc2 Qd7+ 33. Kg2 Kf7 34. Qf2+ Kg7 35. Qc5 Qg4 36. Qe7+ Kh6 37. Qf8+ Kh5 38. Qf3 a4 39. d6 b3 40. Qxg4+ Kxg4 41. d7 bxa2 42. d8=Q 1-0

[Event "Airthings Masters Prelim"]
[Site "chess24.com INT"]
[Date "2022.02.20"]
[Round "6"]
[White "Carlsen, Magnus"]
[Black "Keymer, Vincent"]
[Result "1-0"]
[WhiteElo "2865"]
[BlackElo "2664"]
[PlyCount "103"]
[EventDate "2022.02.19"]
[EventType "tourn (rapid)"]
[EventRounds "15"]
[EventCountry "GER"]
[EventCategory "19"]
[SourceTitle "CBM 206 Extra"]
[Source "ChessBase"]
[SourceDate "2022.03.31"]
[SourceVersion "1"]
[SourceVersionDate "2022.03.31"]
[SourceQuality "1"]

1. g3 d5 2. Nf3 Bg4 3. Bg2 c6 4. h3 Bh5 5. O-O Nd7 6. d3 Ngf6 7. Qe1 e6 8. e4 Be7 ({RR} 8... dxe4 9. dxe4 Qb6 10. a4 a5 11. Na3 Qb4 12. Nd2 Qxa4 13. c3 Bxa3 14. b3 Qb5 15. Bxa3 c5 16. e5 Ng8 17. Ne4 Kf8 18. c4 Qb6 19. Qe3 Ne7 20. Nxc5 Nxc5 21. Bxc5 Qc7 22. Bd6 Qd7 23. Qb6 {Aliyev,R (2355)-Corrales Jimenez,F (2549) chess.com INT 2024 1-0 (55)}) 9. e5 Ng8 10. d4 Bg6 11. Qe2 $146 ({RR} 11. Qd1 c5 12. c3 h5 13. h4 Nh6 14. Bxh6 Rxh6 15. c4 Kf8 16. cxd5 exd5 17. Nc3 Be4 18. Re1 cxd4 19. Nxe4 dxe4 20. Rxe4 Qb6 21. Rxd4 Nc5 22. b3 Re8 23. Rd5 Ne6 24. Rc1 Bc5 25. Qd2 Rg6 {Bivol,A (2374)-Pourkashiyan,A (2305) Moscow 2019 ½-½ (43)}) 11... h5 12. c4 dxc4 13. Qxc4 Nb6 14. Qe2 Nh6 15. Bxh6 Rxh6 16. Nc3 Kf8 17. Rfd1 Bf5 18. Rac1 g5 19. Nh2 Kg7 20. Nf1 Qd7 21. Ne3 Bg6 22. Ne4 Nd5 23. Nc5 Bxc5 24. Rxc5 Ne7 25. b4 a6 26. a4 Rah8 27. b5 axb5 28. axb5 h4 29. g4 Bh7 30. bxc6 bxc6 31. Qd2 Ng6 32. Bxc6 Qe7 33. Ng2 Rd8 34. Rdc1 Nf8 35. Bf3 Rg6 36. Ne3 Nd7 37. Ra5 Kh8 38. Nc4 f6 39. Qe3 Rg7 40. Ra7 Qf8 41. Nd6 fxe5 42. dxe5 Qf4 43. Qxf4 gxf4 44. Rcc7 Bg8 45. Be4 f3 46. Kh2 Re7 47. Bxf3 Nxe5 48. Rxe7 Nxf3+ 49. Kg2 Ne5 50. Ne4 Ng6 51. Nf6 Nxe7 52. Rxe7 1-0